Cálculo : conceptos y contextos

Збережено в:
Бібліографічні деталі
Автор: Stewart, James
Формат: Книга
Мова:Іспанська
Опубліковано: Thomson. c1999.
Предмети:
Теги: Додати тег
Немає тегів, Будьте першим, хто поставить тег для цього запису!

MARC

LEADER 00000nam a22000005a 4500
001 8747
003 CL-ChBUA
005 20120815103129.0
008 070301s1999 mx 000 0 spa
020 |a 9687529601 
040 |a CL-ChBUA  |c CL-ChBUA 
082 0 0 |a 515.15 
090 |c 8747  |d 8747 
100 1 |a Stewart, James. 
245 1 0 |a Cálculo :  |b conceptos y contextos 
260 |b Thomson.  |c c1999. 
300 |a xx, 991 p.  |c 24 cm. 
504 |a Indice. 
650 4 |a CALCULO. 
942 |c LIB 
952 |0 0  |1 0  |4 0  |7 0  |9 13072  |a UNACH  |b UNACH  |c 500  |d 2007-03-05  |i 32.206.  |l 5  |m 4  |o 515.15 / St 852c.  |p 14071  |r 2026-03-23 20:54:06  |s 2026-03-09  |u 13072  |w 2012-08-08  |y LIB  |k 515.15 / St 852c. 
999 |c 8747  |d 8747